Papel de reflexiones, con que el ciudadano Fernandez Giraldez quiso llamar la atencion de la Asamblea revolucionaria de Puebla para evitar los males que resultaràn á la nacion, del precipitado paso de Federacion que dictó el dia 23 del último diciembre

Detalles Bibliográficos
Otros Autores: Fernández Giraldez
Formato: Libro
Lenguaje:Spanish
Publicado: Puebla : imprenta Nacional y de Gobierno, 1824.
Materias:
Colección:Banco de datos
Acervo:Biblioteca Palafoxiana. Colección de Pliegos Sueltos
Descripción Física:[1] h. ; f°
Tema general:Política
LEADER 00748nam a22001810004500
035 |a 1943 
041 0 |a spa 
082 0 4 |a FR/PAFX/IMPS/C074/02255 
245 1 0 |a Papel de reflexiones, con que el ciudadano Fernandez Giraldez quiso llamar la atencion de la Asamblea revolucionaria de Puebla para evitar los males que resultaràn á la nacion, del precipitado paso de Federacion que dictó el dia 23 del último diciembre  
260 |a Puebla : imprenta Nacional y de Gobierno, 1824. 
300 |a [1] h. ; f° 
610 1 4 |a México - Historia - Federación, 1824-1835 
650 1 0 |a Política 
700 1 |a Fernández Giraldez  
949 |a I02255 
942 |c PALAPLIE 
943 |g Biblioteca Palafoxiana. Colección de Pliegos Sueltos 
999 |c 1075233  |d 1075233